000 00260nam a2200109Ia 4500
008 200302s9999 xx 000 0 und d
100 _aBryan Little
245 _aEnglish Historic Architecture
260 _bB. T. Batsford Ltd.
260 _c1964
300 _a256 P.,
999 _c150
_d150